Non è te che sceglierò /

Elena è una giovane donna cresciuta in un podere nel Reggiano, a pochi chilometri dal Po. Dalla famiglia ha preso la vitalità del legame con la terra, con la natura e con il calendario immutabile delle stagioni. Ma anche l'asprezza della vita quotidiana sui campi, che le generazioni passate hanno vi...

Descripció completa

Guardat en:
Dades bibliogràfiques
Autor principal: Grisendi, Adele (Autor)
Format: Llibre
Idioma:italià
Publicat: Milano : Rizzoli, 2012
Col·lecció:Rizzoli best
Etiquetes: Afegir etiqueta
Sense etiquetes, Sigues el primer a etiquetar aquest registre!

MARC

LEADER 00000nam a22000007i 4500
001 IT\ICCU\LO1\1416293
003 ItRI
005 20260115232049.0
008 120329s2012 it |||||| ||||| |||||c
020 |a 9788817056014 
024 3 1 |a 9788817056014 
040 |b ita  |c importazione bologna sebina 
041 7 |a ita  |2 ISO-639-2 
082 |a 853.914  |9 NARRATIVA ITALIANA, 1945-1999  |2 21 
100 1 |a Grisendi, Adele  |0 IT\ICCU\RAVV\074219  |4 aut 
240 1 0 |a Non è te che sceglierò  |3 IT\ICCU\BCT\0056245  |9 Grisendi, Adele 
245 1 0 |a Non è te che sceglierò /  |c Adele Grisendi. 
260 |a Milano :  |b Rizzoli,  |c 2012 
300 |a 362 p. ;  |c 23 cm. 
520 |a Elena è una giovane donna cresciuta in un podere nel Reggiano, a pochi chilometri dal Po. Dalla famiglia ha preso la vitalità del legame con la terra, con la natura e con il calendario immutabile delle stagioni. Ma anche l'asprezza della vita quotidiana sui campi, che le generazioni passate hanno vissuto garantendo agli Adorni il benessere attuale. Una ricchezza che le consente di essere oggi una ragazza libera, al passo coi tempi, non una semplice contadina: Elena infatti legge, va al cinema, a teatro, all'opera. Ha il carattere forte e deciso del nonno Evaristo, tanto che, quando i due fratelli maggiori scelgono di diventare avvocati, Elena sarà la prima donna a prendere le redini dell'azienda di famiglia. Una trasgressione alle leggi non scritte della terra che salva la continuità del patrimonio. Nella vita privata ha le idee altrettanto chiare: il matrimonio non fa per lei e, lasciato a vent'anni il suo primo e unico fidanzato, sembra aver cancellato completamente l'amore dalla sua vita. Finché un incontro inaspettato la mette di fronte a un bivio: continuare a negarsi la felicità o riconoscere che dal germe ribelle che l'ha sempre guidata può nascere un amore autentico, anche se proibito? Non è te che sceglierò è una saga familiare che dal primissimo Novecento arriva ai giorni nostri ma soprattutto la storia di una donna coraggiosa, in bilico tra i valori della tradizione e il bisogno di riconoscere la parte più vera di sé. 
830 0 |a Rizzoli best  |0 IT\ICCU\MOD\1440129 
942 |2 ddc  |c BK  |n 0 
952 |0 0  |1 0  |4 0  |6 L_853_920000000000000_GRI  |7 0  |9 19420  |a BO  |b BO  |d 2026-01-15  |i 16754  |l 0  |o L 853.92 GRI  |p BO16754  |r 2026-01-15 23:20:49  |w 2026-01-15  |x [Sebina 5] [1 v.]  |y BK  |z 1 v. 
999 |c 16531  |d 16531